000 00189 a2200097 4500
001 4564
100 _aObert
245 _aThermodynamics
260 _a
_bMcgrawhill
_c
090 _c3760
_d3760
942 _aNUST-CAE
_cM
_c30001
999 _c239637
_d239637